000 00726nam a2200253Ia 4500
003 OSt
005 20220928115241.0
006 a|||||r|||| 00| 0
007 ta
008 220927b |||||||| |||| 00| 0 eng d
020 _c2037.5799999999999
024 _a120477
037 _b71, 12/11/2013, Pioneer Book Distributors
_cTextual
040 _aSDCL
_cSDCL
_beng
041 _2eng
_aeng
082 _aQ2, Q3
100 _aKumar P.Pratap Ed.
_9416347
245 0 _aContemporary hinduism
260 _aUK
_bAcumen
_c2013
300 _ax;301p
_ccm.
650 _aSanskrit
_9391587
942 _hQ2, Q3
_cTEXL
_2CC
999 _c758667
_d758667